00925nam a2200169Ia 4500008004100000020001800041050002100059100003900080245016700119260002300286300001700309505015800326650007500484700007600559952010300635999001700738120625s9999 xx 000 0 und d a970-690-031-4 aPN6054 A9A5 2000 aÁvila Fonseca , Patricia Eugenia aAntología de textos literarios para bachillerato / preparada por Patricia Eugenia Ávila Fonseca, Ma. Ysabel Gracida Juárez, Blanca Estela Treviño García aMéxico : Planeta a3 v.; 27 cm. av. 1. Autores españoles del siglo de oro al siglo XX. -- v. 2. Literatura universal. -- v. 3. Autores mexicanos y de otros países de hispanoamérica a1. Literatura - Estudio y enseñanza 2. Literatura Hispanoamericana a\Gracida Juárez, Ma. Ysabel \Treviño García, Blanca Estela Ì 00102lcc4070a04b04d2012-05-25l0oPN6054 A9A5 2000p05 001246r2023-05-12t1w2012-06-24yLB c63526d63526